00600nam a2200157 i 450000100060000000300090000600500170001500700030003200800410003510000320007624501730010826000590028130000280034070000420036885200320041075841ES-MaACL20230906172623.0t|040928s1956 sp ||||1| spa d1 aGruenberg, Sidonie Matsner.14aLos hijos b: enciclopedia ilustrada para su crianza y educación /cpor Sidonie Matsner Gruenberg ; traducción del inglés por María del Carmen Font de Millanes. aBarcelona : bIberia, c[1956] (fAgustín Núñez) aXXII, 711 p. ; c25 cm.1 aFont de Millanes, María del Carmen. aES-MaACLjC-10174 bR.38599